00883nam a22002057a 4500003000900000005001700009008004800026020001500074040002300089100003300112240003600145245025600181250001100437260003700448300003100485500007800516504003000594650002500624700002800649DO-SdBNP20171129094900.0171129b 1976 sp ||||| |||| 00| 0 spa d a8429310274 aBPMSUbspa cBPMSU1 aBillings, John .d1918-2007.10aThe ovulation methodlEspañol10aRegulación natural de la natalidad : bmétodo de la ovulación : para obtener o evitar un embarazo usando una técnica natural, segura, de fácil práctica y moralmente lícita /cpor el Dr. John Billings , traducción de Gonzalo Higuera  a2a ed. aSantander : bSal Terrae,c1976. a95 p. : ib il. ;c22 cm.  aIncluye datos biográficos del autor en la solapa de la contracubierta. aBibliografía : p. 79-804 aControl de natalidad12a Higuera, Gonzalo,etr.